000 00752 a2200229 4500
001 0000
003 0000
005 20251017133351.0
020 _a9781032200750
040 _erda
050 _aTA 345 .W88
100 _aWuthrich, Rolf
245 _aNumerical Methods for Engineering and Data Science
_cby Rolf Wuthrich and Carole El Ayoubi
264 _aBoca Raton
_bCRC Press
_c2025
300 _axvii, 459p. ill.
336 _2rdacontent
338 _2rdacarrier
504 _aIncludes Index
650 _2Numerical analysis.
_vApplied mathematics.
_x
651 _2Computational engineering.
_v
_x
942 _2lcc
_cBK
999 _c43904
_d43904